[Event "BEL-ch op"]
[Site "Niel"]
[Date "2017.07.07"]
[Round "7"]
[White "Baete, Guy"]
[Black "Chaerle, Josse"]
[Result "0-1"]
[WhiteElo "1828"]
[BlackElo "1983"]
[PlyCount "46"]
[EventDate "2017.07.01"]
[EventType "swiss"]
[EventRounds "9"]
[EventCountry "BEL"]
[SourceTitle "EXT 2018"]
[Source "ChessBase"]
[SourceDate "2017.10.13"]
[SourceVersion "1"]
[SourceVersionDate "2017.10.13"]
[SourceQuality "1"]

1. d4 d5 2. e4 e6 3. Be3 Nc6 4. f3 dxe4 5. Nc3 Bb4 6. a3 Bxc3+ 7. bxc3 Nf6 8. Bg5 Qd5 9. Be3 e5 10. c4 Qa5+ 11. Bd2 Qa4 12. d5 Nd4 13. Ra2 exf3 14. Nxf3 Bg4 15. Bc3 0-0-0 16. Bxd4 exd4 17. Be2 Qa5+ 18. Kf1 Rhe8 19. Nxd4 Bxe2+ 20. Nxe2 Ne4 21. Qd4 Nd2+ 22. Kf2 Re4 23. Qxg7 Qc5+ 0-1

[Event "Brasschaat op 16th"]
[Site "Brasschaat"]
[Date "2016.08.23"]
[Round "4"]
[White "Van Mechelen, Jan"]
[Black "Chaerle, Josse"]
[Result "1-0"]
[WhiteElo "2249"]
[BlackElo "1965"]
[PlyCount "73"]
[EventDate "2016.08.20"]
[EventType "swiss"]
[EventRounds "9"]
[EventCountry "BEL"]
[SourceTitle "CBM 174 Extra"]
[Source "ChessBase"]
[SourceDate "2016.10.10"]
[SourceVersion "1"]
[SourceVersionDate "2016.10.10"]
[SourceQuality "1"]

1. d4 g6 2. e4 Bg7 3. Nc3 c5 4. d5 d6 5. Nf3 Nf6 6. Be2 0-0 7. 0-0 Bg4 8. Re1 Nfd7 9. h3 Bxf3 10. Bxf3 Na6 11. Be2 Nc7 12. a4 b6 13. Bf4 a6 14. Qd2 Rb8 15. Rab1 b5 16. axb5 axb5 17. b4 Na6 18. bxc5 Naxc5 19. Bh6 Bxh6 20. Qxh6 b4 21. Nb5 Nxe4 22. Rxb4 Qa5 23. Rbb1 Nc3 24. Qd2 Nxe2+ 25. Qxe2 Ne5 26. c4 Rfc8 27. Rec1 Qa4 28. c5 dxc5 29. Qxe5 Rxb5 30. Rxb5 Qxb5 31. Qxe7 Re8 32. Qc7 c4 33. d6 Qb8 34. d7 Rd8 35. Qxb8 Rxb8 36. Rxc4 Rb1+ 37. Kh2 1-0

[Event "Brasschaat op 15th"]
[Site "Brasschaat"]
[Date "2015.08.23"]
[Round "9"]
[White "De Weerd, Jan"]
[Black "Chaerle, Josse"]
[Result "1-0"]
[WhiteElo "2109"]
[BlackElo "1789"]
[PlyCount "119"]
[EventDate "2015.08.15"]
[EventType "swiss"]
[EventRounds "9"]
[EventCountry "BEL"]
[SourceTitle "EXT 2016"]
[Source "ChessBase"]
[SourceDate "2015.10.08"]
[SourceVersion "1"]
[SourceVersionDate "2015.10.08"]
[SourceQuality "1"]

1. e4 c5 2. Nf3 Nc6 3. Bb5 g6 4. 0-0 Bg7 5. Bxc6 dxc6 6. h3 Nf6 7. d3 0-0 8. Be3 b6 9. Nbd2 Bb7 10. a4 Ne8 11. Qc1 Qc7 12. Nc4 e5 13. a5 f6 14. axb6 axb6 15. Rxa8 Bxa8 16. Qa1 Nd6 17. Nxd6 Qxd6 18. Qa7 Qb8 19. Qa2+ Rf7 20. Ra1 Bb7 21. Nd2 Bf8 22. Nc4 Qc7 23. Qa7 b5 24. Nd2 Bc8 25. Bxc5 Qxa7 26. Bxa7 Be6 27. Be3 Rc7 28. Ra6 Bd6 29. c3 f5 30. f3 Kf7 31. d4 exd4 32. cxd4 f4 33. Bf2 Bb4 34. Nb1 g5 35. Nc3 Bxc3 36. bxc3 Bc4 37. Ra8 Kg6 38. Be1 h5 39. Bd2 Rf7 40. Kf2 Rd7 41. Ra6 Rd6 42. Rb6 Rf6 43. Bc1 Kg7 44. Rb7+ Rf7 45. Rxf7+ Kxf7 46. h4 gxh4 47. Bxf4 Kg6 48. Bc7 Be6 49. f4 Bg4 50. f5+ Kf7 51. Ke3 h3 52. gxh3 Bxh3 53. Kf4 Bf1 54. Kg5 Bd3 55. e5 h4 56. Bd6 Ke8 57. e6 Bc4 58. Kxh4 Bd5 59. Kg5 Bc4 60. Kf6 1-0

[Event "BEL-ch U18"]
[Site "Blankenberge"]
[Date "2015.04.13"]
[Round "2"]
[White "Chaerle, Josse"]
[Black "Maes, Tibo"]
[Result "1/2-1/2"]
[WhiteElo "1777"]
[BlackElo "2004"]
[PlyCount "63"]
[EventDate "2015.04.12"]
[EventType "swiss"]
[EventRounds "9"]
[EventCountry "BEL"]
[SourceTitle "CBM 166 Extra"]
[Source "ChessBase"]
[SourceDate "2015.06.18"]
[SourceVersion "1"]
[SourceVersionDate "2015.06.18"]
[SourceQuality "1"]

1. d4 Nf6 2. Bg5 Ne4 3. Bf4 c5 4. f3 Qa5+ 5. c3 Nf6 6. d5 d6 7. e4 Nbd7 8. Nh3 g6 9. Nd2 Bg7 10. Nc4 Qd8 11. a4 0-0 12. Nf2 Nb6 13. a5 Nxc4 14. Bxc4 Nd7 15. Nd3 Rb8 16. 0-0 b5 17. axb6 axb6 18. Bb5 f5 19. exf5 Rxf5 20. Re1 Kh8 21. g4 Rxd5 22. Bc4 Rxd3 23. Qxd3 Qf8 24. Bg3 Ne5 25. Bxe5 Bxe5 26. Rxe5 dxe5 27. Qd5 Qg7 28. Ra8 Rxa8 29. Qxa8 Qf8 30. Be6 Kg7 31. Bxc8 Qf4 32. Qa1 1/2-1/2